Developing object oriented data structures using C++ / (Record no. 5893)

MARC details
000 -LEADER
fixed length control field 00962nac a22002411u 4500
010 ## - LIBRARY OF CONGRESS CONTROL NUMBER
LC control number 94042779
020 ## - INTERNATIONAL STANDARD BOOK NUMBER
International Standard Book Number 0077079825 :
082 00 - DEWEY DECIMAL CLASSIFICATION NUMBER
Classification number 005.73
Item number MCM
090 ## - LOCALLY ASSIGNED LC-TYPE CALL NUMBER (OCLC); LOCAL CALL NUMBER (OCLC)
-- 5893
-- 5893
100 ## - MAIN ENTRY--PERSONAL NAME
Personal name McMonnies, Alistair,
245 10 - TITLE STATEMENT
Title Developing object oriented data structures using C++ /
Statement of responsibility, etc Alistair McMonnies, W. Stewart McSporran.
260 ## - PUBLICATION, DISTRIBUTION, ETC. (IMPRINT)
Place of publication, distribution, etc London ;
-- New York :
Name of publisher, distributor, etc McGraw-Hill,c1995.
Date of publication, distribution, etc c1995.
300 ## - PHYSICAL DESCRIPTION
Extent xi, 306 p. :
Other physical details ill. ;
Dimensions 25 cm. +
Accompanying material 1 computer disk (3 1/2 in.)
440 #4 -
-- The McGraw-Hill international series in software engineering
500 ## - GENERAL NOTE
General note Distributer: Al-Ahram.
504 ## - BIBLIOGRAPHY, ETC. NOTE
Bibliography, etc Includes bibliographical references (p. 300) and index.
511 ## - PARTICIPANT OR PERFORMER NOTE
Participant or performer note Catalogued By: Mahitab.
650 #0 - SUBJECT ADDED ENTRY--TOPICAL TERM
Topical term or geographic name as entry element Object-oriented programming (Computer science)
650 #0 - SUBJECT ADDED ENTRY--TOPICAL TERM
Topical term or geographic name as entry element Data structures (Computer science)
650 #0 - SUBJECT ADDED ENTRY--TOPICAL TERM
Topical term or geographic name as entry element C (Computer program language)
700 1# - ADDED ENTRY--PERSONAL NAME
Personal name McSporran, W. Stewart,
Dates associated with a name 1965-
942 ## - ADDED ENTRY ELEMENTS (KOHA)
Item type Book - Borrowing
Call number prefix 005.73MCM
Holdings
Withdrawn status Item status Damaged status Not for loan Home library Current library Shelving location Date acquired Source of acquisition Total Checkouts Total Renewals Full call number Barcode Date last seen Date last borrowed Koha item type
        Central Library Central Library Lower Floor 08/11/2007 Purchase 2 4 005.73MCM 000007017 15/07/2025 18/02/2025 Book - Borrowing